MARC

LEADER 00000naa2a2200000 4500
001 621422
005 20240206124535.0
035 |a (RuTPU)RU\TPU\conf\20017 
035 |a RU\TPU\conf\19998 
090 |a 621422 
100 |a 20161221d2016 k y0engy50 ba 
101 0 |a eng 
102 |a RU 
105 |a y z 101zy 
135 |a drgn ---uucaa 
181 0 |a i  
182 0 |a b 
200 1 |a Methods for radiation and cological research of building lands and analysis  |f N. K. Ryzhakova, K. O. Shilova, A. A. Udalov, E. V. Lemza 
203 |a Текст  |c электронный 
300 |a Title screen 
463 0 |0 (RuTPU)RU\TPU\conf\19513  |t Energy Fluxes and Radiation Effects (EFRE-2016)  |o International Congress, October 2–7, 2016, Tomsk, Russia  |o abstracts  |f National Research Tomsk Polytechnic University (TPU) ; eds. B. M. Kovalchuk [et al.]  |v [P. 400]  |d 2016 
610 1 |a труды учёных ТПУ 
610 1 |a электронный ресурс 
610 1 |a экологические исследования 
610 1 |a радиоактивность 
610 1 |a строительство 
610 1 |a почвы 
610 1 |a радон 
610 1 |a плотность потока 
610 1 |a пористость 
610 1 |a radon porous activity 
610 1 |a radon flux density 
610 1 |a radon 
701 1 |a Ryzhakova (Rizhakova)  |b N. K.  |c Physicist  |c Associate Professor of Tomsk Polytechnic University, Candidate of physical and mathematical sciences  |f 1947-  |g Nadezhda Kirillovna  |3 (RuTPU)RU\TPU\pers\32212  |9 16212 
701 1 |a Shilova  |b K. O.  |c Physicist  |c Research Engineer of Tomsk Polytechnic University  |f 1993-  |g Ksenia Olegovna  |3 (RuTPU)RU\TPU\pers\46737 
701 1 |a Udalov  |b A. A.  |g Andrey 
701 1 |a Lemza  |b E. V.  |g Ekaterina 
712 0 2 |a Национальный исследовательский Томский политехнический университет (ТПУ)  |b Физико-технический институт (ФТИ)  |b Кафедра прикладной физики (№ 12) (ПФ)  |3 (RuTPU)RU\TPU\col\18729 
801 2 |a RU  |b 63413507  |c 20210125  |g RCR 
856 4 |u http://earchive.tpu.ru/handle/11683/35880 
942 |c BK